Conceptos de administración estratégica (Registro nro. 4839)

Detalles MARC
000 -LEADER
fixed length control field 01611 a2200265 4500
001 - CONTROL NUMBER
control field 49428
005 - DATE AND TIME OF LATEST TRANSACTION
control field 20260407155757.0
008 - FIXED-LENGTH DATA ELEMENTS--GENERAL INFORMATION
fixed length control field 260407a2003 arg spa d
003 - CONTROL NUMBER IDENTIFIER
control field AR-UNSa-BCEJYS
040 ## - CATALOGING SOURCE
Original cataloging agency AR-UNSa-BCEJYS
Language of cataloging spa
Transcribing agency AR-UNSa-BCEJYS
080 ## - UNIVERSAL DECIMAL CLASSIFICATION NUMBER
Universal Decimal Classification number 658.012.2
Common auxiliary subdivision Planificación. Programas. Planes. Medidas de apoyo a la planificación( Administración estratégica...)
020 ## - INTERNATIONAL STANDARD BOOK NUMBER
International Standard Book Number 970-26-0427-3
041 ## - LANGUAGE CODE
Language code of text/sound track or separate title spa
100 1# - MAIN ENTRY--PERSONAL NAME
Personal name David, Fred R.
245 10 - TITLE STATEMENT
Title Conceptos de administración estratégica
250 ## - EDITION STATEMENT
Edition statement 9a. ed.
264 #1 - PRODUCTION, PUBLICATION, DISTRIBUTION, MANUFACTURE, AND COPYRIGHT NOTICE
Place of production, publication, distribution, manufacture México :
Name of producer, publisher, distributor, manufacturer Pearson Educación
Date of production, publication, distribution, manufacture, or copyright notice 2003
300 ## - PHYSICAL DESCRIPTION
Extent xxx, 336 p.
Dimensions 26 cm.
505 ## - FORMATTED CONTENTS NOTE
Formatted contents note Parte I: Perspectiva general de la dirección estratégica: 1. La naturaleza de la dirección estratégica - - Parte II: Formulación de la estratégica: 2. La misión de la empresa - 3. La evaluación externa - 4. La evaluación interna - 5. Estrategias en acción - 6. Análisis y selección de la estrategia - - Parte III: Implantación de la estrategia: 7. Implantación de estrategias: asuntos relacionados con la gerencia - 8. Implantación de estrategias: asuntos relacionados con mercadotécnica, finanzas y contabilidad, investigación y desarrollo y sistemas de información de la gerencia - - Parte IV: Evaluación de la estrategia: 9. Revisión, evaluación y control de la estrategia.
590 ## - LOCAL NOTE (RLIN)
Local note niveau_biblio:m niveau_hierar:0
700 1# - ADDED ENTRY--PERSONAL NAME
Personal name Sánchez Carrión, Miguel Angel
700 1# - ADDED ENTRY--PERSONAL NAME
Personal name Valdés Hernández, Luis Alfredo
856 41 - ELECTRONIC LOCATION AND ACCESS
Uniform Resource Identifier <a href="https://www.biblioeco.unsa.edu.ar/pmb/images/libros/L128089.jpg">https://www.biblioeco.unsa.edu.ar/pmb/images/libros/L128089.jpg</a>
Link text Imagen de portada
Electronic format type image/jpeg
942 ## - ADDED ENTRY ELEMENTS (KOHA)
Koha item type
Existencias
Withdrawn status Lost status Damaged status Not for loan Home library Current library Shelving location Date acquired Total checkouts Full call number Barcode Date last seen Price effective from Koha item type
        Biblioteca Prof. Eusebio Cleto del Rey Biblioteca Prof. Eusebio Cleto del Rey   07/04/2026   658.012.2 D249 9ed. L128089 07/04/2026 07/04/2026 Libro